000 00813nam a2200217Ia 4500
999 _c39960
_d39960
001 6566
003 GE_BSU
005 20191023174527.0
008 181216s1940||||ge |||||||||||||| ||geo||
040 _cGE_BSU
041 _ageo
080 _a821.353.1-1 ბ-58
100 _aბესიკი
_94960
245 _aლექსები /
_cბესიკი ; ალ. ბარამიძის წინასიტყვაობითა და რედაქციით.
264 _aთბილისი :
_bსაბლიტგამი ;
_c1940.
300 _a44 გვ. ;
_c22 სმ.
490 _aსასკოლო ბიბლიოთეკა
653 _aლექსები
700 _aბარამიძე, ალ.
_eრედაქტორი
_94433
942 _cBK
_2udc